| 000 | 00603nam a2200193 i 4500 | ||
|---|---|---|---|
| 001 | 96982 | ||
| 003 | ES-MaACL | ||
| 005 | 20250801034656.0 | ||
| 007 | t| | ||
| 008 | 050705s1974 sp ||||1| spa d | ||
| 100 | 1 |
_aManrique de Lara, José Gerardo, _d1922-2001 _976104 |
|
| 245 | 1 | 3 |
_aEl escritor ante el hecho social / _cJosé Gerardo Manrique de Lara. |
| 260 |
_aBarcelona : _bPlaza & Janés, _c1974. |
||
| 300 |
_a181 p., 4 h. ; _c18 cm. |
||
| 490 | 1 | _aTestigos de España | |
| 830 | 0 |
_aTestigos de España _9181879 |
|
| 852 |
_aES-MaACL _jC-15295 _bR.100583 |
||
| 999 |
_c96982 _d96982 |
||